000 00580nam a2200181 i 4500
001 162968
003 ES-MaACL
005 20250928145826.0
008 990913s1871 gw |||| | spa d
100 1 _aRascón Navarro, Juan Antonio,
_cConde de Rascón,
_d1821-1902
_9168938
245 1 3 _aEl ejército de la Alemania del norte /
_cpor J.A. Rascon.
260 _aBerlin :
_bE. Schmitt,
_c1871.
300 _a295, [7] p. ;
_c24 cm.
650 4 _aFuerzas armadas-
_zAlemania.
_9168939
752 _aAlemania -
_dBerlín
852 _aES-MaACL
_jG-6273
999 _c162968
_d162968